Жертва ферзя

Chi tiết về thư mục
Tác giả chính: Нейштадт Я. И. Яков Исаевич
Tóm tắt:Исключено из фонда НТБ ТПУ
Ngôn ngữ:Tiếng Nga
Được phát hành: Москва, Физкультура и спорт, 1989
Những chủ đề:
Định dạng: MixedMaterials Sách
KOHA link:https://koha.lib.tpu.ru/cgi-bin/koha/opac-detail.pl?biblionumber=104515

MARC

LEADER 00000nam0a2200000 4500
001 104515
005 20250821092542.0
010 |a 5278001593 
035 |a (RuTPU)RU\TPU\book\112697 
090 |a 104515 
100 |a 20061102d1989 km y0rusy50 ca 
101 0 |a rus 
102 |a RU 
105 |a a z 000zy 
200 1 |a Жертва ферзя  |f Я. И. Нейштадт 
210 |a Москва  |c Физкультура и спорт  |d 1989 
215 |a 160 с.  |c ил. 
333 |a Исключено из фонда НТБ ТПУ 
610 1 |a спорт 
610 1 |a шахматы 
610 1 |a шахматные комбинации 
675 |a 794  |v 3 
700 1 |a Нейштадт  |b Я. И.  |g Яков Исаевич 
801 1 |a RU  |b 63413507  |c 20061102  |g PSBO 
801 2 |a RU  |b 63413507  |c 20170516  |g PSBO 
942 |c BK